| 000 | 00941nac a22002411i 4500 | ||
|---|---|---|---|
| 003 | EG-ScBUE | ||
| 005 | 20231212105108.0 | ||
| 008 | 090119s1993 ua f 000 0 ara d | ||
| 017 | _a1993 / 8217 | ||
| 040 |
_aEG-ScBUE _bara _erda _cEG-ScBUE _dEG-ScBUE |
||
| 082 | 0 | 4 |
_a956.1015 _bأ ن ي _222 |
| 100 | 1 |
_aأنيس، محمد، _eمؤلف. |
|
| 245 | 1 | 2 |
_aالدولة العثمانية والشرق العربي : _b(1514- 1914) / _cالدكتور محمد أنيس. |
| 264 | 1 |
_aالقاهرة : _bمكتبة الأنجلو المصرية، _c1993. |
|
| 300 |
_a301 صفحة ؛ _c24 سم |
||
| 336 |
_2rdacontent _aنص _btxt |
||
| 337 |
_aبدون وسيط _2rdamedia _bn |
||
| 338 |
_aمجلد _bnc _2rdacarrier |
||
| 651 | 7 |
_2BUEsh _aالإمبراطورية العثمانية _xتاريخ. |
|
| 651 | 7 |
_2BUEsh _aالدول العربية _xتاريخ _yالعصر العثماني. |
|
| 655 | _vReading book | ||
| 942 |
_cBB _2ddc |
||
| 999 |
_c7532 _d7532 |
||